[Event "Titled Tuesday intern op 27th Feb Late"]
[Site "Chess.com INT"]
[Date "2024.02.27"]
[Round "4"]
[White "Shubin, Daniel"]
[Black "Acosta, Pablo Ismael"]
[Result "0-1"]
[WhiteElo "2201"]
[BlackElo "2479"]
[PlyCount "38"]
[EventDate "2024.02.27"]
[EventType "swiss (blitz)"]
[EventRounds "11"]
[EventCountry "USA"]
[SourceTitle "CB10_2024"]
[SourceDate "2024.03.06"]
[SourceVersion "1"]
[SourceVersionDate "2024.03.06"]
[SourceQuality "1"]

1. e4 e6 2. d4 d5 3. Nc3 Nf6 4. exd5 exd5 5. Bg5 Be7 6. Bd3 0-0 7. Qd2 Nbd7 8. 0-0-0 c6 9. h4 b5 10. Re1 Bb4 11. Nf3 Qa5 12. Ne5 Nxe5 13. dxe5 Ng4 14. Re2 d4 15. a3 dxc3 16. Qf4 cxb2+ 17. Kxb2 Qxa3+ 18. Kb1 Bc3 19. Qc1 Qa1# 0-1

[Event "Titled Tuesday intern op 27th Jun Late"]
[Site "Chess.com INT"]
[Date "2023.06.27"]
[Round "8"]
[White "Ricaurte Lopez, Juan Carlos"]
[Black "Shubin, Daniel"]
[Result "0-1"]
[WhiteElo "2226"]
[BlackElo "2231"]
[PlyCount "50"]
[EventDate "2023.06.27"]
[EventType "swiss (blitz)"]
[EventRounds "11"]
[EventCountry "USA"]
[SourceTitle "EXT 2024"]
[Source "ChessBase"]
[SourceDate "2023.10.10"]
[SourceVersion "1"]
[SourceVersionDate "2023.10.10"]
[SourceQuality "1"]

1. e4 e6 2. d4 d5 3. exd5 exd5 4. Nf3 Nc6 5. Bb5 Bd6 6. 0-0 Nge7 7. Re1 0-0 8. h3 a6 9. Ba4 b5 10. Bb3 Na5 11. Bg5 f6 12. Bd2 Nc4 13. Nc3 Nxb2 14. Qe2 Nc4 15. Bf4 Bxf4 16. Qxe7 Qxe7 17. Rxe7 Bd6 18. Nxd5 Bxe7 19. Nxe7+ Kf7 20. Nd5 c6 21. Nb4 Be6 22. Nxc6 Bd5 23. Nb4 Rfd8 24. Nxd5 Rxd5 25. a4 Re8 0-1

[Event "Titled Tuesday intern op 27th Jun Late"]
[Site "Chess.com INT"]
[Date "2023.06.27"]
[Round "6"]
[White "Shubin, Daniel"]
[Black "Diaz Garcia, Lianet"]
[Result "1-0"]
[WhiteElo "2231"]
[BlackElo "1999"]
[PlyCount "37"]
[EventDate "2023.06.27"]
[EventType "swiss (blitz)"]
[EventRounds "11"]
[EventCountry "USA"]
[SourceTitle "EXT 2024"]
[Source "ChessBase"]
[SourceDate "2023.10.10"]
[SourceVersion "1"]
[SourceVersionDate "2023.10.10"]
[SourceQuality "1"]

1. e4 c5 2. Nf3 d6 3. d4 cxd4 4. Nxd4 Nf6 5. Nc3 g6 6. Be3 Bg7 7. Bc4 0-0 8. h3 Nbd7 9. Bb3 a6 10. 0-0 b5 11. Nc6 Qe8 12. Nd5 Nxd5 13. Bxd5 Nf6 14. Nxe7+ Qxe7 15. Bxa8 Nxe4 16. Bxe4 Qxe4 17. Qxd6 Bb7 18. Qg3 Be5 19. Qf3 1-0

[Event "Titled Tuesday intern op 16th May Late"]
[Site "Chess.com INT"]
[Date "2023.05.16"]
[Round "5"]
[White "Pappelis, Dimitrios"]
[Black "Shubin, Daniel"]
[Result "0-1"]
[WhiteElo "2159"]
[BlackElo "2231"]
[PlyCount "74"]
[EventDate "2023.05.16"]
[EventType "swiss (blitz)"]
[EventRounds "11"]
[EventCountry "USA"]
[SourceTitle "CBM 214 Extra"]
[Source "ChessBase"]
[SourceDate "2023.07.31"]
[SourceVersion "1"]
[SourceVersionDate "2023.07.31"]
[SourceQuality "1"]

1. e4 e6 2. d3 d5 3. Nd2 Nf6 4. Ngf3 Bc5 5. e5 Nfd7 6. d4 Be7 7. Bd3 c5 8. c3 Nc6 9. 0-0 Qb6 10. Re1 cxd4 11. cxd4 Nxd4 12. Nxd4 Qxd4 13. Nf3 Qb6 14. Bg5 Qd8 15. Bxe7 Qxe7 16. Rc1 0-0 17. h4 Nc5 18. Bxh7+ Kxh7 19. Ng5+ Kh6 20. Qd4 Ne4 21. Nxe4 dxe4 22. Qxe4 g6 23. Re3 Bd7 24. Rc7 Rac8 25. Rxb7 Rc1+ 26. Kh2 Kg7 27. Rxa7 Qd8 28. Rd3 Bc6 29. Rxd8 Bxe4 30. Rxf8 Kxf8 31. b4 Bd5 32. a4 Rc2 33. Kg3 Rc3+ 34. Kh2 Rc4 35. b5 Rxh4+ 36. Kg3 Rb4 37. f3 Bb3 0-1

[Event "Titled Tuesday intern op 17th Jan Late"]
[Site "Chess.com INT"]
[Date "2023.01.17"]
[Round "4"]
[White "Ibadov, Dashgyn"]
[Black "Shubin, Daniel"]
[Result "1-0"]
[WhiteElo "2333"]
[BlackElo "2168"]
[PlyCount "29"]
[EventDate "2023.01.17"]
[EventType "swiss (blitz)"]
[EventRounds "11"]
[EventCountry "USA"]
[SourceTitle "CBM 212 Extra"]
[Source "ChessBase"]
[SourceDate "2023.03.31"]
[SourceVersion "1"]
[SourceVersionDate "2023.03.31"]
[SourceQuality "1"]

1. e4 e6 2. d4 d5 3. Nd2 Be7 4. Ngf3 Nf6 5. Bd3 c5 6. c3 0-0 7. e5 Nfd7 8. h4 Nc6 9. Bxh7+ Kxh7 10. Ng5+ Kg6 11. h5+ Kh6 12. Ndf3 Qe8 13. Qc2 f5 14. exf6 Bxf6 15. Qh7# 1-0

[Event "Titled Tuesday intern op 20th Sep Late"]
[Site "Chess.com INT"]
[Date "2022.09.20"]
[Round "6"]
[White "P, Komal Kishore"]
[Black "Shubin, Daniel"]
[Result "0-1"]
[WhiteElo "2086"]
[BlackElo "2140"]
[PlyCount "46"]
[EventDate "2022.09.20"]
[EventType "swiss (blitz)"]
[EventRounds "11"]
[EventCountry "USA"]
[SourceTitle "EXT 2023"]
[Source "ChessBase"]
[SourceDate "2022.10.05"]
[SourceVersion "1"]
[SourceVersionDate "2022.10.05"]
[SourceQuality "1"]

1. e4 e6 2. d4 d5 3. Nd2 a5 4. Bd3 Nf6 5. e5 Nfd7 6. c3 c5 7. Ndf3 Nc6 8. Ne2 Qb6 9. 0-0 cxd4 10. cxd4 f6 11. exf6 Nxf6 12. Bf4 Be7 13. Ne5 0-0 14. a3 Nxe5 15. dxe5 Nd7 16. Qc2 h6 17. Be3 Bc5 18. Bxc5 Nxc5 19. Bh7+ Kh8 20. b4 axb4 21. axb4 Rxa1 22. Rxa1 Qxb4 23. Ra8 Qe1# 0-1

[Event "Olomouc IM2 23rd"]
[Site "Olomouc"]
[Date "2022.08.16"]
[Round "5"]
[White "Camarena Gimenez, Rufino"]
[Black "Shubin, Daniel"]
[Result "1-0"]
[WhiteElo "2308"]
[BlackElo "2206"]
[PlyCount "55"]
[EventDate "2022.08.13"]
[EventType "tourn"]
[EventRounds "9"]
[EventCountry "CZE"]
[SourceTitle "CBM 209 Extra"]
[Source "ChessBase"]
[SourceDate "2022.09.30"]
[SourceVersion "1"]
[SourceVersionDate "2022.09.30"]
[SourceQuality "1"]

1. d4 d5 2. c4 e6 3. Nc3 Nf6 4. Bg5 Nbd7 5. e3 c6 6. Nf3 Qa5 7. cxd5 Nxd5 8. Qd2 Bb4 9. Rc1 h6 10. Bh4 b6 11. Bd3 Ba6 12. 0-0 0-0 13. e4 Nxc3 14. bxc3 Ba3 15. Rcd1 Bxd3 16. Qxd3 b5 17. Rfe1 Rac8 18. e5 c5 19. Re4 Bb2 20. Qb1 Bxc3 21. Bf6 Qb4 22. Qc1 Bxd4 23. Qf4 gxf6 24. Nxd4 Nxe5 25. Nxe6 Qb2 26. Nxf8 Rd8 27. Rf1 Qd2 28. Qxf6 1-0

[Event "Prague Pelikan Memorial 24th"]
[Site "Prague"]
[Date "2022.08.04"]
[Round "7"]
[White "Shubin, Daniel"]
[Black "Hansch, Karsten"]
[Result "1/2-1/2"]
[WhiteElo "2120"]
[BlackElo "2320"]
[PlyCount "60"]
[EventDate "2022.07.30"]
[EventType "tourn"]
[EventRounds "9"]
[EventCountry "CZE"]
[SourceTitle "CBM 209 Extra"]
[Source "ChessBase"]
[SourceDate "2022.09.30"]
[SourceVersion "1"]
[SourceVersionDate "2022.09.30"]
[SourceQuality "1"]

1. e4 c6 2. d4 d5 3. Nc3 dxe4 4. Nxe4 Bf5 5. Ng3 Bg6 6. h4 h6 7. Nf3 Nd7 8. h5 Bh7 9. Bd3 Bxd3 10. Qxd3 e6 11. Bd2 Ngf6 12. 0-0-0 Be7 13. Qe2 0-0 14. Ne5 c5 15. dxc5 Bxc5 16. Kb1 Nxe5 17. Qxe5 Bd4 18. Qb5 Qb6 19. Qxb6 Bxb6 20. f3 Rfd8 21. c4 Rd4 22. b3 Rad8 23. Kc2 Bc7 24. Ne2 Rd3 25. Bf4 Rxd1 26. Rxd1 Rxd1 27. Kxd1 e5 28. Be3 a6 29. Ng3 Kf8 30. Ne4 Nxe4 1/2-1/2

[Event "Prague Pelikan Memorial 24th"]
[Site "Prague"]
[Date "2022.08.03"]
[Round "6"]
[White "Hogeman, Joel"]
[Black "Shubin, Daniel"]
[Result "1-0"]
[WhiteElo "2160"]
[BlackElo "2120"]
[PlyCount "51"]
[EventDate "2022.07.30"]
[EventType "tourn"]
[EventRounds "9"]
[EventCountry "CZE"]
[SourceTitle "CBM 209 Extra"]
[Source "ChessBase"]
[SourceDate "2022.09.30"]
[SourceVersion "1"]
[SourceVersionDate "2022.09.30"]
[SourceQuality "1"]

1. e4 e6 2. d4 d5 3. Nc3 Bb4 4. exd5 exd5 5. Bd3 Nc6 6. a3 Bxc3+ 7. bxc3 Nge7 8. Qf3 Be6 9. Ne2 Qd7 10. 0-0 Bf5 11. Ng3 Bg6 12. a4 0-0 13. h4 Na5 14. Ra2 Rac8 15. Ba3 Rfe8 16. h5 Bxd3 17. cxd3 h6 18. Bxe7 Rxe7 19. Nf5 Re6 20. Qg4 g6 21. hxg6 fxg6 22. Nxh6+ Kh7 23. Re2 Rce8 24. Rfe1 Kxh6 25. Rxe6 Kg7 26. Qxg6+ 1-0

[Event "Prague Pelikan Memorial 24th"]
[Site "Prague"]
[Date "2022.07.31"]
[Round "1"]
[White "Soural, Jan"]
[Black "Shubin, Daniel"]
[Result "1-0"]
[WhiteElo "2119"]
[BlackElo "2120"]
[PlyCount "62"]
[EventDate "2022.07.30"]
[EventType "tourn"]
[EventRounds "9"]
[EventCountry "CZE"]
[SourceTitle "CBM 209 Extra"]
[Source "ChessBase"]
[SourceDate "2022.09.30"]
[SourceVersion "1"]
[SourceVersionDate "2022.09.30"]
[SourceQuality "1"]

1. d4 d5 2. c4 e6 3. Nf3 Nf6 4. g3 Be7 5. Bg2 0-0 6. 0-0 c6 7. Qc2 b6 8. Nbd2 Bb7 9. e4 Na6 10. a3 c5 11. exd5 exd5 12. Rd1 Rc8 13. dxc5 Nxc5 14. b4 Ne6 15. Bb2 dxc4 16. Nxc4 Bd5 17. Nfe5 b5 18. Bxd5 Nxd5 19. Qe4 Nf6 20. Qb7 Qe8 21. Ne3 Rc7 22. Qa6 Qb8 23. Nc6 Qa8 24. Nxe7+ Rxe7 25. Bxf6 gxf6 26. Qxb5 Ng5 27. Qd5 Qc8 28. h4 Re5 29. Qg2 Ne4 30. Rd5 Qc3 31. Rad1 Rxd5 1-0

[Event "Biel HTO 55th"]
[Site "Biel"]
[Date "2022.07.21"]
[Round "8"]
[White "Shubin, Daniel"]
[Black "Peyrer, Konstantin"]
[Result "0-1"]
[WhiteElo "2120"]
[BlackElo "2406"]
[PlyCount "92"]
[EventDate "2022.07.13"]
[EventType "swiss"]
[EventRounds "9"]
[EventCountry "SUI"]
[SourceTitle "CBM 209 Extra"]
[Source "ChessBase"]
[SourceDate "2022.09.30"]
[SourceVersion "1"]
[SourceVersionDate "2022.09.30"]
[SourceQuality "1"]

1. e4 c6 2. d4 d5 3. Nc3 dxe4 4. Nxe4 Nd7 5. Bd3 Ngf6 6. Nxf6+ Nxf6 7. c3 g6 8. Ne2 Bg7 9. 0-0 0-0 10. b4 Nd5 11. Qb3 a5 12. bxa5 Qxa5 13. c4 Nc7 14. Bb2 Ne6 15. Rfd1 Rd8 16. Bc2 Qa7 17. Qb4 c5 18. dxc5 Rxd1+ 19. Bxd1 Qxc5 20. Qxc5 Nxc5 21. Bxg7 Kxg7 22. a4 Be6 23. Nd4 Bd7 24. Nb3 Rxa4 25. Rxa4 Nxa4 26. c5 Be6 27. c6 bxc6 28. Nd4 Nc3 29. Nxe6+ fxe6 30. Bb3 Kf6 31. f3 e5 32. Kf2 e4 33. f4 e5 34. Ke3 exf4+ 35. Kxf4 g5+ 36. Ke3 Ke5 37. Bc4 Nd5+ 38. Ke2 Kd4 39. Ba6 c5 40. g3 c4 41. h4 h6 42. hxg5 hxg5 43. g4 c3 44. Kd1 Nb4 45. Be2 c2+ 46. Kc1 Kc3 0-1

[Event "Biel HTO 55th"]
[Site "Biel"]
[Date "2022.07.19"]
[Round "6"]
[White "Shubin, Daniel"]
[Black "Kolbus, Dietmar"]
[Result "1-0"]
[WhiteElo "2120"]
[BlackElo "2285"]
[PlyCount "47"]
[EventDate "2022.07.13"]
[EventType "swiss"]
[EventRounds "9"]
[EventCountry "SUI"]
[SourceTitle "CBM 209 Extra"]
[Source "ChessBase"]
[SourceDate "2022.09.30"]
[SourceVersion "1"]
[SourceVersionDate "2022.09.30"]
[SourceQuality "1"]

1. e4 c5 2. Nf3 d6 3. d4 cxd4 4. Nxd4 Nf6 5. Nc3 a6 6. Bg5 Nbd7 7. f4 Qc7 8. Qe2 e6 9. 0-0-0 Be7 10. g4 0-0 11. Bxf6 Bxf6 12. g5 Bxd4 13. Rxd4 e5 14. Nd5 Qd8 15. Rd3 exf4 16. Qh5 Ne5 17. Rg1 Be6 18. Nf6+ gxf6 19. gxf6+ Ng6 20. e5 Kh8 21. Rg5 Qa5 22. Qh6 Qe1+ 23. Rd1 Qe3+ 24. Kb1 1-0

[Event "Titled Tuesday intern op 21st Dec"]
[Site "Chess.com INT"]
[Date "2021.12.21"]
[Round "2"]
[White "Krzywda, Andrzej"]
[Black "Shubin, Daniel"]
[Result "1-0"]
[WhiteElo "2110"]
[BlackElo "2080"]
[PlyCount "93"]
[EventDate "2021.12.21"]
[EventType "swiss (blitz)"]
[EventRounds "11"]
[EventCountry "USA"]
[SourceTitle "CBM 205 Extra"]
[Source "ChessBase"]
[SourceDate "2022.01.31"]
[SourceVersion "1"]
[SourceVersionDate "2022.01.31"]
[SourceQuality "1"]

1. e4 e6 2. d4 d5 3. Bd3 dxe4 4. Bxe4 Nf6 5. Bf3 Nc6 6. Ne2 Bd6 7. Ng3 0-0 8. 0-0 e5 9. Bxc6 bxc6 10. dxe5 Bxe5 11. Nc3 Ba6 12. Re1 Re8 13. Bg5 h6 14. Be3 Bxc3 15. bxc3 Qxd1 16. Rexd1 Nd5 17. Bd4 Rad8 18. Nf5 f6 19. Re1 Kf7 20. Bxa7 Nxc3 21. Bc5 Rd2 22. Rxe8 Kxe8 23. Nxg7+ Kf7 24. Nf5 Rd5 25. Re1 Ne2+ 26. Kh1 Rxc5 27. Ne3 Nd4 28. c4 Ra5 29. Rd1 c5 30. Rd2 Ra4 31. Nd5 Bxc4 32. Nc3 Ra3 33. Ne4 Rxa2 34. Rd1 Ne6 35. h4 c6 36. Nd6+ Kg6 37. Nxc4 Rxf2 38. Kg1 Rf4 39. Ne3 Rxh4 40. Rd6 Re4 41. Kf2 Kf7 42. Rxc6 c4 43. Nf5 Kg6 44. Ne7+ Kf7 45. Nd5 Rd4 46. Nc3 Rd3 47. Rxc4 1-0

[Event "Titled Tuesday intern op 21st Dec"]
[Site "Chess.com INT"]
[Date "2021.12.21"]
[Round "4"]
[White "Shubin, Daniel"]
[Black "Cruz Mendez, Jean Marcos"]
[Result "0-1"]
[WhiteElo "2080"]
[BlackElo "2018"]
[PlyCount "46"]
[EventDate "2021.12.21"]
[EventType "swiss (blitz)"]
[EventRounds "11"]
[EventCountry "USA"]
[SourceTitle "CBM 205 Extra"]
[Source "ChessBase"]
[SourceDate "2022.01.31"]
[SourceVersion "1"]
[SourceVersionDate "2022.01.31"]
[SourceQuality "1"]

1. e4 c5 2. Nf3 Nc6 3. d4 cxd4 4. Nxd4 Nf6 5. Nc3 d6 6. Be3 Ng4 7. Bg5 Qb6 8. Be3 Nxe3 9. fxe3 Qxb2 10. Ncb5 Qb4+ 11. c3 Qa5 12. Bc4 Ne5 13. Bd5 a6 14. 0-0 axb5 15. c4 e6 16. Nxb5 exd5 17. exd5 Be7 18. Qh5 0-0 19. Nd4 Qc3 20. Nf5 Bxf5 21. Rxf5 Qxe3+ 22. Kh1 g6 23. Raf1 gxh5 0-1

[Event "Seattle Seafair op"]
[Site "Chess.com INT"]
[Date "2020.07.19"]
[Round "5"]
[White "Li, Edward1111"]
[Black "Shubin, Daniel"]
[Result "1-0"]
[WhiteElo "1306"]
[BlackElo "2005"]
[PlyCount "85"]
[EventDate "2020.07.18"]
[EventType "swiss"]
[EventRounds "5"]
[EventCountry "NET"]
[SourceTitle "EXT 2023"]
[Source "ChessBase"]
[SourceDate "2022.10.05"]
[SourceVersion "1"]
[SourceVersionDate "2022.10.05"]
[SourceQuality "1"]

1. e4 e6 2. d4 d5 3. Nc3 Bb4 4. e5 c5 5. a3 Bxc3+ 6. bxc3 Ne7 7. Qg4 Qc7 8. Qxg7 Rg8 9. Qxh7 cxd4 10. Qd3 dxc3 11. Ne2 Nbc6 12. Qxc3 Bd7 13. g3 Rg4 14. Bf4 0-0-0 15. Bg2 d4 16. Qc5 Nf5 17. Bh3 b6 18. Qc4 Rg7 19. Bxf5 exf5 20. e6 Bxe6 21. Bxc7 Bxc4 22. Bxd8 Kxd8 23. Nf4 f6 24. 0-0-0 Kc7 25. Rhe1 Rd7 26. h4 b5 27. h5 a5 28. Ne6+ Kb6 29. h6 b4 30. Rh1 bxa3 31. h7 a2 32. Kb2 Rb7 33. h8Q Ka7+ 34. Ka1 Bxe6 35. Qxf6 Bd5 36. Qxf5 Nb4 37. Rh7 d3 38. Rxb7+ Kxb7 39. Qd7+ Kb6 40. cxd3 Kc5 41. Rc1+ Kd4 42. Qa7+ Kxd3 43. Qe3# 1-0

[Event "Clark Harmon Memorial"]
[Site "Chess.com INT"]
[Date "2020.04.05"]
[Round "?"]
[White "Shubin, Daniel"]
[Black "Chang, Eddie"]
[Result "1-0"]
[WhiteElo "2161"]
[BlackElo "1887"]
[PlyCount "71"]
[EventDate "2020.04.04"]
[EventType "swiss"]
[EventRounds "6"]
[EventCountry "USA"]
[SourceTitle "EXT 2024"]
[Source "ChessBase"]
[SourceDate "2023.10.10"]
[SourceVersion "1"]
[SourceVersionDate "2023.10.10"]
[SourceQuality "1"]

1. e4 c5 2. Nf3 Nc6 3. d4 cxd4 4. Nxd4 Nf6 5. Nc3 d6 6. Bg5 Bd7 7. Be2 Rc8 8. 0-0 Nxd4 9. Qxd4 Qa5 10. Be3 a6 11. h3 e6 12. f4 Bc6 13. Rad1 Be7 14. e5 dxe5 15. fxe5 Nd7 16. Qf4 0-0 17. Qg3 Bc5 18. Rd3 Bxe3+ 19. Rxe3 Nc5 20. Rf4 Na4 21. Rg4 g6 22. Nxa4 Bxa4 23. b3 Be8 24. Bd3 Qxa2 25. Qf4 f5 26. exf6 Qa1+ 27. Kh2 Qxf6 28. Qe4 Bc6 29. Qb4 Rcd8 30. Reg3 Kg7 31. h4 Rd5 32. Bxg6 hxg6 33. Rxg6+ Qxg6 34. Rxg6+ Kxg6 35. Qxf8 Rd2 36. Qg8+ 1-0

[Event "Clark Harmon Memorial"]
[Site "Chess.com INT"]
[Date "2020.04.04"]
[Round "?"]
[White "Shubin, Daniel"]
[Black "Goktepe, Derin"]
[Result "0-1"]
[WhiteElo "2161"]
[BlackElo "1912"]
[PlyCount "64"]
[EventDate "2020.04.04"]
[EventType "swiss"]
[EventRounds "6"]
[EventCountry "USA"]
[SourceTitle "EXT 2024"]
[Source "ChessBase"]
[SourceDate "2023.10.10"]
[SourceVersion "1"]
[SourceVersionDate "2023.10.10"]
[SourceQuality "1"]

1. e4 e5 2. Nf3 Nc6 3. Bc4 Nf6 4. Ng5 d5 5. exd5 b5 6. dxc6 bxc4 7. Qe2 Qd5 8. 0-0 Bd6 9. Nc3 Qxc6 10. Nce4 Nxe4 11. Nxe4 Bb7 12. Re1 0-0 13. f3 f5 14. Nc3 Rae8 15. b3 cxb3 16. axb3 Bc5+ 17. Kh1 e4 18. fxe4 fxe4 19. Bb2 Rf2 20. Qg4 Bd4 21. Rf1 e3 22. Rg1 Rxd2 23. Raf1 e2 24. Nxe2 Bxb2 25. Qf4 Rdd8 26. Qf7+ Kh8 27. Nf4 Rf8 28. Qe7 Bf6 29. Qe2 Rde8 30. Qh5 Kg8 31. Re1 Rxe1 32. Rxe1 Bc3 0-1

[Event "Washington State-ch"]
[Site "Kirkland"]
[Date "2020.02.17"]
[Round "9"]
[White "Shubin, Daniel"]
[Black "Zhang, Derek"]
[Result "1-0"]
[WhiteElo "1946"]
[BlackElo "2216"]
[PlyCount "85"]
[EventDate "2020.02.08"]
[EventType "tourn"]
[EventRounds "9"]
[EventCountry "USA"]
[SourceTitle "EXT 2023"]
[Source "ChessBase"]
[SourceDate "2022.10.05"]
[SourceVersion "1"]
[SourceVersionDate "2022.10.05"]
[SourceQuality "1"]

1. e4 e6 2. d4 d5 3. Nc3 Bb4 4. exd5 exd5 5. Bd3 Nc6 6. Be3 Nge7 7. Qf3 Be6 8. Nge2 Qd7 9. h3 Nf5 10. a3 Bxc3+ 11. bxc3 0-0-0 12. 0-0 Nh4 13. Qg3 Ng6 14. Rab1 Nce7 15. Rb3 Nf5 16. Qh2 Qd6 17. Nf4 Nxe3 18. fxe3 Nxf4 19. Qxf4 f6 20. Rfb1 b6 21. Qf3 Kb8 22. Ba6 Bc8 23. Qe2 Bxa6 24. Qxa6 Qe6 25. Kh1 Rd6 26. Rb5 Qc8 27. Qa4 a6 28. R5b3 Re8 29. c4 dxc4 30. Qxc4 Rde6 31. d5 Rxe3 32. Rxb6+ cxb6 33. Rxb6+ Ka7 34. Rc6 Re1+ 35. Kh2 Qb7 36. Rc7 R1e7 37. Qc5+ Kb8 38. Rxb7+ Rxb7 39. Qd6+ Ka7 40. Qc5+ Kb8 41. d6 Rd8 42. c4 Rbd7 43. Qb6+ 1-0

[Event "Washington State-ch"]
[Site "Kirkland"]
[Date "2020.02.16"]
[Round "7"]
[White "Levine, David M"]
[Black "Shubin, Daniel"]
[Result "1/2-1/2"]
[WhiteElo "2100"]
[BlackElo "1946"]
[PlyCount "63"]
[EventDate "2020.02.08"]
[EventType "tourn"]
[EventRounds "9"]
[EventCountry "USA"]
[SourceTitle "EXT 2023"]
[Source "ChessBase"]
[SourceDate "2022.10.05"]
[SourceVersion "1"]
[SourceVersionDate "2022.10.05"]
[SourceQuality "1"]

1. e4 e6 2. d4 d5 3. e5 c5 4. c3 Nc6 5. Nf3 Qb6 6. a3 Nh6 7. b4 cxb4 8. Bxh6 gxh6 9. cxb4 Bd7 10. Ra2 Rg8 11. h3 Be7 12. Rc2 Rc8 13. Qc1 Bg5 14. Qb2 Be7 15. Nbd2 Kd8 16. g3 Rc7 17. Bd3 Bxb4 18. Ke2 Bxd2 19. Qxb6 axb6 20. Rxd2 Na5 21. Rb1 Nc4 22. Bxc4 Rxc4 23. Rxb6 Kc7 24. Rdb2 Bc6 25. R6b4 Ra8 26. R2b3 Rc2+ 27. Ke3 Ra2 28. Nh2 h5 29. g4 R8xa3 30. gxh5 Ba4 31. Rxb7+ Kc6 32. R7b6+ 1/2-1/2

[Event "Washington State-ch"]
[Site "Kirkland"]
[Date "2020.02.15"]
[Round "6"]
[White "Sang, Tian"]
[Black "Shubin, Daniel"]
[Result "1/2-1/2"]
[WhiteElo "2237"]
[BlackElo "1946"]
[PlyCount "63"]
[EventDate "2020.02.08"]
[EventType "tourn"]
[EventRounds "9"]
[EventCountry "USA"]
[SourceTitle "EXT 2023"]
[Source "ChessBase"]
[SourceDate "2022.10.05"]
[SourceVersion "1"]
[SourceVersionDate "2022.10.05"]
[SourceQuality "1"]

1. f4 d5 2. Nf3 Nf6 3. e3 Bg4 4. b3 Nbd7 5. Bb2 c6 6. Be2 Qc7 7. 0-0 Bxf3 8. Bxf3 e5 9. Bg4 Bd6 10. Bxd7+ Nxd7 11. Qg4 g6 12. Nc3 f5 13. Qh4 Be7 14. Qh3 0-0-0 15. fxe5 Nxe5 16. Ne2 Bd6 17. Nf4 Rhe8 18. g3 Kb8 19. Qg2 h5 20. Rae1 Qh7 21. Nd3 Ng4 22. Nf2 Nxf2 23. Rxf2 Re4 24. Ref1 h4 25. Qh3 Rd7 26. Rg2 hxg3 27. Qxh7 Rxh7 28. hxg3 Rg4 29. Kf2 Rh3 30. Rfg1 Kc7 31. Bc3 Kd7 32. d3 1/2-1/2

[Event "Washington State-ch"]
[Site "Kirkland"]
[Date "2020.02.09"]
[Round "3"]
[White "Levine, Joseph1111"]
[Black "Shubin, Daniel"]
[Result "1-0"]
[WhiteElo "2002"]
[BlackElo "1946"]
[PlyCount "77"]
[EventDate "2020.02.08"]
[EventType "tourn"]
[EventRounds "9"]
[EventCountry "USA"]
[SourceTitle "EXT 2023"]
[Source "ChessBase"]
[SourceDate "2022.10.05"]
[SourceVersion "1"]
[SourceVersionDate "2022.10.05"]
[SourceQuality "1"]

1. e4 e6 2. d3 d5 3. Nd2 Nf6 4. Ngf3 Bc5 5. e5 Nfd7 6. d4 Be7 7. Bd3 c5 8. c3 Nc6 9. 0-0 Qb6 10. Re1 cxd4 11. cxd4 Nxd4 12. Nxd4 Qxd4 13. Nb3 Qa4 14. Qe2 a6 15. Bd2 b6 16. Rec1 Bb7 17. Rc7 Bc6 18. Rc1 Bc5 19. Qh5 Kd8 20. Nxc5 bxc5 21. Rxd7+ Bxd7 22. Qxf7 c4 23. b3 Qxa2 24. Bg5+ Kc7 25. Bxc4 Rac8 26. Bxa6+ Kb8 27. Bxc8 Rxc8 28. Qxd7 Rxc1+ 29. Bxc1 Qxb3 30. Qe8+ Kb7 31. Qf7+ Kc6 32. Qxe6+ Kb5 33. Qd7+ Kc4 34. Qc6+ Kd3 35. Qa6+ Ke4 36. Qe2+ Kf5 37. e6 Qb1 38. Qe1 Kg4 39. h3+ 1-0